Movies Quiz

Random Movies or Star Wars Quiz

Missing Alphabet: Star Wars Quiz Stats

 Plays Quiz Updated Jan 21, 2019

Support Sporcle.
Go Orange.
Score 0/25 Timer 03:00
1 Play Today
% Correct
L
90%
T
89.5%
I
89.4%
T
87.2%
D
86.4%
A
84.7%
I
84.4%
A
84%
E
82.8%
E
82.6%
U
82%
A
81.9%
O
80.9%
% Correct
I
80.2%
B
74.8%
N
73.1%
F
70.8%
G
69.1%
H
68.3%
H
68%
E
66.5%
A
65.1%
B
65%
S
62%
V
55.6%

You're not logged in!

Compare scores with friends on all Sporcle quizzes.
OR
Log In

From the Vault

Choose the Only Seven

by AmazingPenguin

It's important to make sure you're familiar with the specifics of each number. Only an infinite amount to go.
Remove Ads.
Support Sporcle.
Get the best of Sporcle when you Go Orange. This ad-free experience offers more features, more stats, and more fun while also helping to support Sporcle. Thank you for becoming a member.

Show Comments

Extras

Top Quizzes Today


Score Distribution

Your Account Isn't Verified!

In order to create a playlist on Sporcle, you need to verify the email address you used during registration. Go to your Sporcle Settings to finish the process.

Report this User

Report this user for behavior that violates our Community Guidelines.

Details: